| Tag |
First Indicator |
Second Indicator |
Subfields |
| LEADER |
00000cam a2200000 a 4500 |
| 001 |
in00000016428 |
| 005 |
20220103115019.0 |
| 007 |
cr unu a |
| 008 |
880525s1986 xx a b 00010 eng d |
| 035 |
|
|
|9 AAA9117AM
|
| 035 |
|
|
|a (OCoLC)18001408
|
| 040 |
|
|
|a TXA
|c TXA
|d UtOrBLW
|
| 049 |
|
|
|a TXAZ [Also in] [Archives]
|c 1 [A09509464], 2 [A09509472]
|
| 099 |
|
|
|a 1986
|a Thesis
|a R658
|
| 100 |
1 |
|
|a Robinson, Bradley Mason,
|d 1954-
|
| 245 |
1 |
0 |
|a Minimizing damage to a propped fracture by correct selection of proppant and controlled flowback procedures /
|c Bradley Mason Robinson.
|
| 264 |
|
1 |
|a [Place of publication not identified] :
|b [publisher not identified] ;
|c 1986.
|
| 300 |
|
|
|a vii, 63 leaves :
|b illustrations ;
|c 29 cm.
|
| 336 |
|
|
|a text
|b txt
|2 rdacontent
|
| 337 |
|
|
|a computer
|b c
|2 rdamedia
|
| 338 |
|
|
|a online resource
|b cr
|2 rdacarrier
|
| 500 |
|
|
|a "Major subject: Petroleum Engineering."
|
| 500 |
|
|
|a Typescript (photocopy).
|
| 500 |
|
|
|a Vita.
|
| 502 |
|
|
|b M.S.
|c Texas A&M University
|d 1986.
|
| 504 |
|
|
|a Bibliography: leaves 59-62.
|
| 530 |
|
|
|a Also available online.
|
| 650 |
|
0 |
|a Oil wells
|x Hydraulic fracturing.
|
| 650 |
|
4 |
|a Major petroleum engineering.
|
| 856 |
4 |
1 |
|u https://hdl.handle.net/1969.1/ETD-TAMU-1986-THESIS-R658
|z Link to OAKTrust copy
|t 0
|
| 999 |
|
|
|a MARS
|
| 999 |
f |
f |
|s c221f402-78f5-37b0-967b-8eabc5b57bc6
|i e854e198-9b4d-3aaf-aab1-7d9b95f3278c
|t 0
|
| 952 |
f |
f |
|p noncirc
|a Texas A&M University
|b J.J. Pickle Campus
|c High Density Repository
|s HDR
|d Remote Storage
|t 0
|e 1986 Thesis R658
|h Other scheme
|i computer -- online resource
|m A14839618073
|
| 952 |
f |
f |
|a Texas A&M University
|b College Station
|c Electronic Resources
|s www_evans
|d Available Online
|t 0
|e 1986 Thesis R658
|h Other scheme
|
| 998 |
f |
f |
|a 1986 Thesis R658
|t 0
|l Remote Storage
|
| 998 |
f |
f |
|a 1986 Thesis R658
|t 0
|l Available Online
|